000 00500nam a2200181Ia 4500
005 20250326125750.0
008 250326s9999 xx 000 0 und d
037 _aTextbook
040 _aFMSL
_beng
_cFMSL
041 _aeng
_2eng
084 _aS4:6 N1
_qFMSL
100 _aGanguli S C
_9739650
245 0 _aIndustrial productivity and motivation
_cGanguli S C
260 _aBombay
_bBombay, Harper & Row
_c1961
300 _a92p
942 _cTB
_hS4:6 N1
999 _c1279465
_d1279465